[Event "Sparkassen-Open B"]
[Site "Heusenstamm, Martinsee"]
[Date "2019.11.24"]
[Round "7.1"]
[White "Suliga, Eckhard"]
[Black "Goff, Simon"]
[Result "1/2-1/2"]
[WhiteElo "1656"]
[BlackElo "1780"]
[PlyCount "86"]
[EventDate "2019.??.??"]
[WhiteTeam "SC Lüneburg"]
[BlackTeam "SK Gießen"]

1. e4 g6 2. d4 Bg7 3. Nf3 d6 4. Nc3 a6 5. a4 Nf6 6. Bc4 O-O 7. O-O Nxe4 8. Nxe4
d5 9. Bd3 dxe4 10. Bxe4 Nd7 11. c3 Nf6 12. Bc2 h6 13. Re1 b6 14. Ne5 Bb7 15.
Bb3 e6 16. Bd2 Nd5 17. Qc1 Qh4 18. Nf3 Qh5 19. Bd1 Qf5 20. Bxh6 Bf6 21. Bxf8
Kxf8 22. Ne5 Nf4 23. Bf3 Bxf3 24. Nxf3 Nd3 25. Qc2 Nxe1 26. Qxf5 gxf5 27. Rxe1
c5 28. dxc5 bxc5 29. Ne5 Ke7 30. Nc4 Rd8 31. Kf1 Bg7 32. Ke2 e5 33. Rd1 Rh8 34.
h3 Rh4 35. Ne3 Ke6 36. g4 fxg4 37. hxg4 Bf8 38. c4 Be7 39. Kf3 Rh8 40. b3 Rh2
41. Nf5 Rh3+ 42. Ng3 Rh4 43. Nf5 Rh3+ 1/2-1/2

[Event "Sparkassen-Open B"]
[Site "Heusenstamm, Martinsee"]
[Date "2019.11.24"]
[Round "7.2"]
[White "Raghavan, Badrinarayanan"]
[Black "Eremenko, Christian"]
[Result "1/2-1/2"]
[WhiteElo "1642"]
[BlackElo "1768"]
[PlyCount "35"]
[EventDate "2019.??.??"]
[WhiteTeam "SK Gießen"]
[BlackTeam "SV Großauheim"]

1. e4 b6 2. c4 Bb7 3. d3 e6 4. Nc3 Nf6 5. g3 d5 6. cxd5 exd5 7. Bg2 dxe4 8. d4
c5 9. Nge2 Nc6 10. Be3 cxd4 11. Nxd4 Ne5 12. Qa4+ Nfd7 13. Nxe4 Nd3+ 14. Ke2
N3c5 15. Qc2 Ba6+ 16. Kd1 Rc8 17. Nc3 Be7 18. Nc6 1/2-1/2

[Event "Sparkassen-Open B"]
[Site "Heusenstamm, Martinsee"]
[Date "2019.11.24"]
[Round "7.3"]
[White "Lasschuit, Rene"]
[Black "Gude, Michael"]
[Result "1-0"]
[WhiteElo "1761"]
[BlackElo "1685"]
[PlyCount "69"]
[EventDate "2019.??.??"]
[WhiteTeam "SV Berolina Mitte"]
[BlackTeam "Frankfurter TV"]

1. g3 d5 2. Nf3 e6 3. Bg2 f5 4. d4 Nf6 5. Bf4 Bb4+ 6. c3 Be7 7. O-O O-O 8. c4
c6 9. Nc3 Nbd7 10. Qd3 Ne4 11. Ne5 Ndf6 12. f3 Nxc3 13. bxc3 Nd7 14. cxd5 cxd5
15. c4 Nxe5 16. Bxe5 dxc4 17. Qxc4 Bf6 18. f4 Rf7 19. Rfd1 Kf8 20. Rac1 Bxe5
21. dxe5 Qb6+ 22. Qd4 Qxd4+ 23. Rxd4 Re7 24. Rdc4 Re8 25. Rc7 Rb8 26. e4 fxe4
27. Bxe4 h6 28. Bg6 Rd8 29. Rf7+ Kg8 30. Rcc7 Rd1+ 31. Kg2 Rd2+ 32. Kh3 Rxa2
33. Rxg7+ Kh8 34. Rce7 b5 35. Rh7+ 1-0

[Event "Sparkassen-Open B"]
[Site "Heusenstamm, Martinsee"]
[Date "2019.11.24"]
[Round "7.4"]
[White "Weyerer, Noah"]
[Black "Treiber, Volker"]
[Result "1/2-1/2"]
[WhiteElo "1362"]
[BlackElo "1692"]
[PlyCount "80"]
[EventDate "2019.??.??"]
[WhiteTeam "SV Oberursel"]
[BlackTeam "SK Lohr"]

1. f4 b6 2. Nf3 Bb7 3. e3 g6 4. Be2 Bg7 5. d3 Nf6 6. O-O h5 7. e4 d6 8. Nc3 Nc6
9. a4 Qd7 10. Bd2 Ng4 11. h3 Nh6 12. Be3 O-O-O 13. d4 e5 14. d5 Nd4 15. Nxd4
exd4 16. Bxd4 Bxd4+ 17. Qxd4 f5 18. Bb5 c6 19. dxc6 Bxc6 20. Qc4 Kb7 21. Bxc6+
Qxc6 22. Qxc6+ Kxc6 23. Rad1 fxe4 24. Nxe4 Nf5 25. Rd3 Rhe8 26. Nc3 h4 27. Kf2
Ng3 28. Re1 Rf8 29. Rf3 Rd7 30. Ne4 Nh5 31. Ng5 Rf5 32. Re6 Nxf4 33. Re4 Rxg5
34. Rfxf4 Rc5 35. Rc4 g5 36. Rxc5+ bxc5 37. Rg4 Rf7+ 38. Ke3 Rf5 39. Kd2 a5 40.
Ke3 d5 1/2-1/2

[Event "Sparkassen-Open B"]
[Site "Heusenstamm, Martinsee"]
[Date "2019.11.24"]
[Round "7.5"]
[White "Bauer, Ottmar"]
[Black "Fischer, Lutz"]
[Result "0-1"]
[WhiteElo "1782"]
[BlackElo "1679"]
[PlyCount "60"]
[EventDate "2019.??.??"]
[WhiteTeam "TSV Rottendorf"]
[BlackTeam "SF Frankfurt"]

1. e4 e6 2. d4 d5 3. Nd2 Nc6 4. Ngf3 Nf6 5. e5 Nd7 6. c3 f6 7. exf6 Qxf6 8. Nb3
Bd6 9. Be2 O-O 10. Be3 e5 11. dxe5 Ndxe5 12. Qxd5+ Be6 13. Qd2 Rad8 14. Bg5
Nxf3+ 15. Bxf3 Bf4 16. Qxd8 Qe5+ 17. Kf1 Nxd8 18. Bxf4 Qxf4 19. Rd1 Kh8 20. Rd4
Qf6 21. Nc5 Nc6 22. Nd7 Bxd7 23. Rxd7 Ne5 24. Rd2 Nxf3 25. gxf3 Qxf3 26. Rg1
Qf4 27. Ke1 Qxh2 28. Rf1 Qg2 29. Rd3 h5 30. Rg3 Re8+ 0-1

[Event "Sparkassen-Open B"]
[Site "Heusenstamm, Martinsee"]
[Date "2019.11.24"]
[Round "7.6"]
[White "Hegel, Jonas"]
[Black "Kirchner, Stefan"]
[Result "1-0"]
[WhiteElo "1616"]
[BlackElo "1575"]
[PlyCount "57"]
[EventDate "2019.??.??"]
[WhiteTeam "SC Peiting"]
[BlackTeam "SF Schöneck"]

1. e4 c5 2. Nc3 g6 3. f4 d6 4. Bc4 Bg7 5. Nf3 Nh6 6. O-O a6 7. a4 Nc6 8. d3 Nd4
9. Nxd4 Bxd4+ 10. Kh1 Bd7 11. f5 Bg7 12. Bxh6 Bxh6 13. fxg6 e6 14. gxf7+ Kf8
15. Qf3 Qg5 16. Ne2 Ke7 17. Nf4 Qxf4 18. Qxf4 Bxf4 19. Rxf4 Raf8 20. Raf1 h6
21. a5 Rh7 22. g4 e5 23. Rf6 Bxg4 24. Bd5 Bc8 25. Rg6 h5 26. Rg8 Rh8 27. Rfg1
Bg4 28. h3 Bxh3 29. Rxh8 1-0

[Event "Sparkassen-Open B"]
[Site "Heusenstamm, Martinsee"]
[Date "2019.11.24"]
[Round "7.7"]
[White "Leichum, Engelbert"]
[Black "Zerhusen, Martin"]
[Result "0-1"]
[WhiteElo "1587"]
[BlackElo "1691"]
[PlyCount "68"]
[EventDate "2019.??.??"]
[WhiteTeam "vereinslos"]
[BlackTeam "SV Oberursel"]

1. e4 c5 2. a3 g6 3. b4 Bg7 4. Nc3 b6 5. Bc4 Bb7 6. Qf3 Nf6 7. Ra2 O-O 8. Nge2
d6 9. Bd5 Nxd5 10. Nxd5 Nc6 11. d3 e6 12. Ne3 cxb4 13. O-O bxa3 14. Bxa3 Qd7
15. Bb2 Qe7 16. Bxg7 Kxg7 17. c3 Ne5 18. Qg3 Nxd3 19. f3 Nc5 20. Nf4 Kh8 21.
Ng4 b5 22. h4 a6 23. Re2 h5 24. Ne3 Rad8 25. Qh3 Qf6 26. g4 Qxf4 27. gxh5 gxh5
28. Rff2 Rg8+ 29. Kh1 Nd3 30. Rh2 Rg3 31. Qf1 Rxf3 32. Qa1 Bxe4 33. c4+ e5 34.
Ng2 Rf1+ 0-1

[Event "Sparkassen-Open B"]
[Site "Heusenstamm, Martinsee"]
[Date "2019.11.24"]
[Round "7.8"]
[White "Behr, Julian"]
[Black "Bastian, Ben"]
[Result "1/2-1/2"]
[WhiteElo "1562"]
[BlackElo "1632"]
[PlyCount "100"]
[EventDate "2019.??.??"]
[WhiteTeam "SC Landskrone"]
[BlackTeam "SC Herborn"]

1. e4 c6 2. d4 d5 3. exd5 cxd5 4. Nf3 Nf6 5. Bd3 Nc6 6. c3 Bg4 7. h3 Bh5 8. O-O
Qc7 9. Re1 e6 10. Nbd2 Bd6 11. Qc2 Ne7 12. Bb5+ Nc6 13. Bd3 Ne7 14. Bb5+ Nc6
15. Bd3 a6 16. Be2 Bg6 17. Bd3 Nb4 18. cxb4 Qxc2 19. Bxc2 Bxc2 20. a3 O-O 21.
Nb1 Nd7 22. Nc3 b5 23. Re2 Bd3 24. Re3 Bg6 25. Nd2 Nb6 26. Nb3 Bf4 27. Re1 Bxc1
28. Rexc1 Nc4 29. Ra2 Rfc8 30. Nc5 a5 31. b3 axb4 32. bxc4 bxc3 33. cxb5 c2 34.
b6 Rab8 35. b7 Rxc5 36. dxc5 Rxb7 37. a4 Kf8 38. a5 Ke7 39. a6 Ra7 40. Rca1 d4
41. Kf1 Kd7 42. Ke1 Kc6 43. Kd2 Kxc5 44. f3 d3 45. Rb2 Kc6 46. Ra3 e5 47. Rc3+
Kd6 48. Rb6+ Kd5 49. Rb5+ Kd6 50. Rb6+ Kd5 1/2-1/2

[Event "Sparkassen-Open B"]
[Site "Heusenstamm, Martinsee"]
[Date "2019.11.24"]
[Round "7.9"]
[White "Wu, Sifan"]
[Black "Lanz, Udo"]
[Result "1-0"]
[WhiteElo "1574"]
[BlackElo "1787"]
[PlyCount "75"]
[EventDate "2019.??.??"]
[WhiteTeam "SV Oberursel"]
[BlackTeam "VSG Offenbach"]

1. e4 c5 2. Nf3 g6 3. d4 cxd4 4. Nxd4 Bg7 5. Be3 Nf6 6. Nc3 Nc6 7. f3 O-O 8.
Qd2 d5 9. Nxc6 bxc6 10. Rd1 e6 11. Be2 a5 12. b3 Nd7 13. O-O Ba6 14. Bxa6 Rxa6
15. Na4 Ra8 16. c4 Qb8 17. cxd5 cxd5 18. exd5 exd5 19. Qxd5 Nf6 20. Qd2 Nh5 21.
Nb6 Ra7 22. Nd7 Rxd7 23. Qxd7 Be5 24. Qh3 Re8 25. Bh6 Nf4 26. Bxf4 Bxf4 27.
Rfe1 Rc8 28. Re2 Qb6+ 29. Kh1 Rc7 30. g3 Be3 31. Qh4 Bc5 32. Qh6 Rc8 33. Rde1
Qc6 34. Kg2 Bf8 35. Qg5 Rb8 36. Qxa5 Bb4 37. Qa7 Ra8 38. Qxa8+ 1-0

[Event "Sparkassen-Open B"]
[Site "Heusenstamm, Martinsee"]
[Date "2019.11.24"]
[Round "7.10"]
[White "Denz, Markus"]
[Black "Spelleken, Hans-Gerd"]
[Result "1-0"]
[WhiteElo "1400"]
[BlackElo "1753"]
[PlyCount "61"]
[EventDate "2019.??.??"]
[WhiteTeam "SC Hattersheim"]
[BlackTeam "SC Kahl"]

1. d4 Nf6 2. c4 b6 3. Nc3 Bb7 4. Nf3 e6 5. Bg5 h6 6. Bh4 g5 7. Bg3 Nh5 8. e3
Nxg3 9. hxg3 Bg7 10. Qc2 Nc6 11. a3 a5 12. O-O-O Ne7 13. Kb1 d5 14. cxd5 exd5
15. Qa4+ c6 16. Rc1 Bc8 17. Bd3 Ba6 18. Bxa6 Rxa6 19. Ne5 b5 20. Nxb5 Bxe5 21.
dxe5 Qb8 22. Nd6+ Kf8 23. f4 Rb6 24. Rc2 g4 25. f5 c5 26. f6 Nc6 27. Qxg4 Rg8
28. Qh5 Rg6 29. Qf5 Nxe5 30. Rxc5 Rc6 31. Qxe5 1-0

[Event "Sparkassen-Open B"]
[Site "Heusenstamm, Martinsee"]
[Date "2019.11.24"]
[Round "7.11"]
[White "Schwenk, Stefan"]
[Black "Mensendiek, Theodor"]
[Result "1-0"]
[WhiteElo "1723"]
[BlackElo "1577"]
[PlyCount "59"]
[EventDate "2019.??.??"]
[WhiteTeam "SK Geisenheim"]
[BlackTeam "SF Heusenstamm"]

1. c4 Nf6 2. g3 g6 3. Bg2 Bg7 4. Nc3 O-O 5. e3 d6 6. Nge2 e5 7. O-O c6 8. d4
Re8 9. Qc2 exd4 10. Nxd4 c5 11. Nde2 Bf5 12. Qb3 Bc8 13. Bxb7 Bxb7 14. Qxb7
Nbd7 15. Nb5 Ne5 16. b3 Re7 17. Qg2 Nd3 18. Nbc3 Ne4 19. Nxe4 Bxa1 20. Rd1 Nxc1
21. Nxc1 Rc8 22. Nd3 f5 23. Ng5 Bf6 24. Qd5+ Kg7 25. Ne6+ Rxe6 26. Qxe6 Qe7 27.
Qd5 a5 28. Nf4 Be5 29. Nd3 Rd8 30. Nxe5 1-0

[Event "Sparkassen-Open B"]
[Site "Heusenstamm, Martinsee"]
[Date "2019.11.24"]
[Round "7.12"]
[White "Haas, Vanessa"]
[Black "Stepanov, Maximilian"]
[Result "1-0"]
[WhiteElo "1706"]
[BlackElo "1561"]
[PlyCount "77"]
[EventDate "2019.??.??"]
[WhiteTeam "SC FK Babenhausen"]
[BlackTeam "SK Gräfelfing"]

1. e4 e6 2. d4 d5 3. Nd2 Nf6 4. e5 Nfd7 5. Bd3 c5 6. c3 Nc6 7. Ndf3 a6 8. Ne2
cxd4 9. cxd4 f6 10. exf6 Nxf6 11. a3 Bd6 12. Bf4 O-O 13. Bg3 b5 14. Qc2 Bb7 15.
Ng5 Qe7 16. Bxd6 Qxd6 17. Bxh7+ Kh8 18. Qd3 e5 19. Bg6 Kg8 20. Qg3 Qe7 21. Bf5
Bc8 22. Bxc8 Raxc8 23. dxe5 Nxe5 24. O-O Rc2 25. Nd4 Rxb2 26. Rae1 Nfd7 27. Nc6
Qd6 28. Nxe5 Nxe5 29. Qxe5 Qxe5 30. Rxe5 Ra2 31. Re3 a5 32. g3 b4 33. axb4 axb4
34. Rb3 Rb8 35. Rfb1 d4 36. Ne6 Rd2 37. Ng5 Rb5 38. Nf3 Rc2 39. Nxd4 1-0

[Event "Sparkassen-Open B"]
[Site "Heusenstamm, Martinsee"]
[Date "2019.11.24"]
[Round "7.13"]
[White "Bursch, Alexander"]
[Black "Cromm, Mika"]
[Result "1-0"]
[WhiteElo "1699"]
[BlackElo "1451"]
[PlyCount "51"]
[EventDate "2019.??.??"]
[WhiteTeam "SV Hennef"]
[BlackTeam "TuS Löhnberg"]

1. b3 d5 2. e3 c5 3. Bb2 Nf6 4. Nf3 Nc6 5. Bb5 e6 6. Ne5 Qc7 7. O-O Be7 8. f4
O-O 9. Bxc6 bxc6 10. d3 Rd8 11. Qf3 Bb7 12. Nd2 a5 13. a4 Nd7 14. Qg4 Nf6 15.
Qh3 d4 16. e4 g6 17. Ndf3 Nh5 18. Bc1 f6 19. Qxe6+ Kg7 20. Qf7+ Kh8 21. Nxg6+
hxg6 22. Nh4 Rg8 23. Nxg6+ Rxg6 24. Qxg6 Ng7 25. f5 Bd6 26. Rf3 1-0

[Event "Sparkassen-Open B"]
[Site "Heusenstamm, Martinsee"]
[Date "2019.11.24"]
[Round "7.14"]
[White "Plaumann, Arvin"]
[Black "Buchinger, Alexis"]
[Result "1-0"]
[WhiteElo "1691"]
[BlackElo "1399"]
[PlyCount "141"]
[EventDate "2019.??.??"]
[WhiteTeam "SF Heidesheim"]
[BlackTeam "SF Neuberg"]

1. d4 d5 2. c4 e6 3. Nc3 Nf6 4. Bg5 Nbd7 5. e3 Bb4 6. Qb3 Bxc3+ 7. Qxc3 c6 8.
Nf3 O-O 9. cxd5 cxd5 10. Bd3 b6 11. Qc2 Qe8 12. Bb5 Ne4 13. Bc6 Rb8 14. Bf4 Qe7
15. Bxb8 Nxb8 16. O-O Nxc6 17. Qxc6 Ba6 18. Rfc1 Qb4 19. Qc7 Qxb2 20. Qc2 Qxc2
21. Rxc2 Bc4 22. Ne5 Nd6 23. Nxc4 Nxc4 24. e4 Re8 25. Re1 Na3 26. Rc7 Nb5 27.
Rd7 dxe4 28. Rxe4 Rc8 29. g3 Kf8 30. d5 Nc3 31. Rh4 Nxd5 32. Rxh7 Kg8 33. Rh4
a5 34. g4 Nf6 35. Rd3 Nd5 36. g5 Rc5 37. Rg4 Nb4 38. Rd8+ Kh7 39. g6+ fxg6 40.
Rh4+ Rh5 41. Rxh5+ gxh5 42. a4 Nd5 43. Rd6 Nc3 44. Rxb6 Nxa4 45. Ra6 Nc5 46.
Rxa5 Ne4 47. Rxh5+ Kg6 48. Ra5 Kf6 49. Kg2 Ng5 50. f4 Nf7 51. Kf3 Nd6 52. Kg4
Nf5 53. Rxf5+ exf5+ 54. Kh5 g6+ 55. Kh6 Kf7 56. h4 Kf6 57. Kh7 Kf7 58. Kh6 Kf6
59. h5 gxh5 60. Kxh5 Kg7 61. Kg5 Kf7 62. Kxf5 Kg7 63. Ke6 Kf8 64. f5 Kg8 65.
Ke7 Kh7 66. f6 Kg6 67. f7 Kh7 68. f8=Q Kg6 69. Qf6+ Kh7 70. Qg5 Kh8 71. Kf7 1-0

[Event "Sparkassen-Open B"]
[Site "Heusenstamm, Martinsee"]
[Date "2019.11.24"]
[Round "7.15"]
[White "Kähm, Kevin"]
[Black "Chambers, Dominik Keith"]
[Result "1-0"]
[WhiteElo "1468"]
[BlackElo "1684"]
[PlyCount "87"]
[EventDate "2019.??.??"]
[WhiteTeam "SK Bischofsheim"]
[BlackTeam "SC Lorsch"]

1. d4 Nf6 2. c4 g6 3. Nf3 Bg7 4. e3 d6 5. Nc3 O-O 6. Be2 Nbd7 7. O-O e5 8. Qc2
exd4 9. exd4 Nb6 10. b3 Bf5 11. Bd3 Bg4 12. Ng5 h6 13. Nge4 Nxe4 14. Bxe4 c6
15. Re1 d5 16. cxd5 cxd5 17. Bd3 Rc8 18. Be3 Qc7 19. Rac1 a6 20. Qd2 Kh7 21.
Nxd5 Qd6 22. Nxb6 Qxb6 23. h3 Bd7 24. Be2 Qd6 25. Bf3 Rxc1 26. Rxc1 b5 27. d5
Rc8 28. Rxc8 Bxc8 29. b4 Bb7 30. Bd4 f6 31. Be3 h5 32. Qd4 f5 33. Qc5 Qd7 34.
d6 Bf8 35. Bxb7 Bxd6 36. Qd5 Qc7 37. Bc5 Be5 38. Bxa6 Qg7 39. Qb7 Bc7 40. Bxb5
Qa1+ 41. Bf1 Qe5 42. g3 h4 43. Bb6 Kh6 44. Qxc7 1-0

[Event "Sparkassen-Open B"]
[Site "Heusenstamm, Martinsee"]
[Date "2019.11.24"]
[Round "7.16"]
[White "Röth, Alexander"]
[Black "Tobias, Christian"]
[Result "1-0"]
[WhiteElo "1634"]
[BlackElo "1354"]
[PlyCount "51"]
[EventDate "2019.??.??"]
[WhiteTeam "Schachforum Darmstadt"]
[BlackTeam "SV Oberursel"]

1. d4 d5 2. Bf4 Nf6 3. e3 e6 4. Nf3 c5 5. c3 Nc6 6. Nbd2 cxd4 7. exd4 Be7 8.
Bd3 O-O 9. Ne5 Nxe5 10. dxe5 Nd7 11. Qh5 g6 12. Qg4 Nc5 13. Bc2 f6 14. Bxg6 f5
15. Bxf5+ Kh8 16. Bc2 d4 17. Bh6 Rg8 18. Qxd4 Qxd4 19. cxd4 Nd7 20. g3 b6 21.
Be4 Rb8 22. Rc1 Bb7 23. Rc7 Bxe4 24. Nxe4 Bb4+ 25. Bd2 Bxd2+ 26. Kxd2 1-0

[Event "Sparkassen-Open B"]
[Site "Heusenstamm, Martinsee"]
[Date "2019.11.24"]
[Round "7.17"]
[White "Probstfeld, Bernd"]
[Black "Heun, Andreas"]
[Result "1/2-1/2"]
[WhiteElo "1531"]
[BlackElo "1640"]
[PlyCount "33"]
[EventDate "2019.??.??"]
[WhiteTeam "SG Pieroth"]
[BlackTeam "SC Ladja Roßdorf"]

1. d4 Nf6 2. Nf3 g6 3. c4 c5 4. d5 b5 5. cxb5 a6 6. e3 Bg7 7. Nc3 d6 8. Be2 O-O
9. O-O Nbd7 10. Qc2 Nb6 11. e4 Ng4 12. h3 Ne5 13. Nxe5 Bxe5 14. Be3 Bg7 15. a4
axb5 16. Bxb5 Bd7 17. Bxd7 1/2-1/2

[Event "Sparkassen-Open B"]
[Site "Heusenstamm, Martinsee"]
[Date "2019.11.24"]
[Round "7.18"]
[White "Laufer, Maximilian"]
[Black "Rashed, Mohammed"]
[Result "1-0"]
[WhiteElo "1374"]
[BlackElo "1566"]
[PlyCount "111"]
[EventDate "2019.??.??"]
[WhiteTeam "MS Halver-Schalksmühle"]
[BlackTeam "Sfr. Mörfelden"]

1. e4 c5 2. Nf3 Nc6 3. d4 cxd4 4. Nxd4 g6 5. Nc3 Bg7 6. Be3 d6 7. Bc4 Nf6 8.
O-O O-O 9. h3 a6 10. Qd2 Qc7 11. Nxc6 bxc6 12. Rfd1 Bb7 13. Bh6 Rad8 14. Bxg7
Kxg7 15. Qe2 Qb6 16. Rd3 Nd7 17. Na4 Qa7 18. Rb3 Ne5 19. Rb6 Nxc4 20. Qxc4 Qb8
21. Rd1 Qc7 22. Qb3 Rd7 23. Nc5 dxc5 24. Rxd7 Qxd7 25. Rxb7 Qd4 26. Kh2 Qd6+
27. Kg1 Qd1+ 28. Kh2 Qd6+ 29. g3 Qd4 30. Qf3 a5 31. Rxe7 Qxb2 32. e5 Qxc2 33.
Qf6+ Kg8 34. e6 Qxa2 35. exf7+ Qxf7 36. Rxf7 Rxf7 37. Qxc6 Rxf2+ 38. Kg1 Rc2
39. Qa8+ Kg7 40. Qxa5 c4 41. Qe5+ Kf7 42. Qe3 Kf6 43. Kf1 Kf7 44. Ke1 Kf6 45.
Kd1 Rh2 46. Qf4+ Kg7 47. Qxc4 Rxh3 48. Qg4 Rh2 49. Qd4+ Kf7 50. Qg1 Ra2 51.
Qf1+ Kg7 52. Qc4 Rh2 53. g4 Rg2 54. Qc3+ Kg8 55. Qb3+ Kg7 56. Qb7+ 1-0

[Event "Sparkassen-Open B"]
[Site "Heusenstamm, Martinsee"]
[Date "2019.11.24"]
[Round "7.19"]
[White "Dietl, Harald"]
[Black "Piepenhagen, Eric"]
[Result "1/2-1/2"]
[WhiteElo "1792"]
[BlackElo "1581"]
[PlyCount "78"]
[EventDate "2019.??.??"]
[WhiteTeam "SK Abensberg"]
[BlackTeam "SG Rödermark"]

1. a3 g6 2. g3 Bg7 3. Bg2 d5 4. d3 c6 5. Nd2 Nf6 6. Ngf3 O-O 7. O-O Qc7 8. c4
Nbd7 9. Rb1 dxc4 10. Nxc4 Nb6 11. Bf4 Qd8 12. Nce5 Nfd7 13. b4 Nd5 14. Qb3 Nxf4
15. gxf4 Nxe5 16. Nxe5 Be6 17. Qc2 Qd6 18. Qc5 f6 19. Qxd6 exd6 20. Nc4 d5 21.
Na5 Rab8 22. d4 Rfe8 23. e3 Bf8 24. Rfc1 Bf5 25. Rb3 Be4 26. Bxe4 dxe4 27. Rbc3
Bd6 28. Nc4 Bf8 29. Kf1 Rbd8 30. Ke2 Rd5 31. Rg1 Rh5 32. Rg2 Rh3 33. Nd2 Bd6
34. Nf1 Bxf4 35. Rc4 Bd6 36. Ng3 Bxg3 37. hxg3 Rh5 38. Rc5 Rxc5 39. bxc5 Re7
1/2-1/2

[Event "Sparkassen-Open B"]
[Site "Heusenstamm, Martinsee"]
[Date "2019.11.24"]
[Round "7.20"]
[White "Lietz, Helmuth"]
[Black "Reinhold, Günther"]
[Result "0-1"]
[WhiteElo "1519"]
[BlackElo "1785"]
[PlyCount "80"]
[EventDate "2019.??.??"]
[WhiteTeam "SC Taunusstein"]
[BlackTeam "Frankfurter TV"]

1. d4 Nf6 2. Bf4 d5 3. Nf3 e6 4. Nbd2 c5 5. dxc5 Bxc5 6. Nb3 Be7 7. e3 O-O 8.
Bd3 Nc6 9. O-O Nh5 10. Ne5 Nxf4 11. Nxc6 Nh3+ 12. gxh3 bxc6 13. Kh1 e5 14. Rg1
e4 15. Bf1 Qc7 16. f4 exf3 17. Qxf3 Bd6 18. Qg2 g6 19. Bd3 c5 20. Be2 Bd7 21.
Raf1 Rae8 22. h4 Rxe3 23. Rf3 Re4 24. h5 Rh4 25. h3 Bg4 26. hxg6 hxg6 27. Rc3
Kg7 28. Bxg4 Rfh8 29. Qxd5 Qe7 30. Qg2 Qe5 31. Nd2 Rxg4 32. Nf3 Rxg2 33. Nxe5
Rxg1+ 34. Kxg1 Bxe5 35. Rb3 Rb8 36. Rxb8 Bxb8 37. Kg2 Kf6 38. Kf3 Kf5 39. b3
Be5 40. a4 Bd4 0-1

[Event "Sparkassen-Open B"]
[Site "Heusenstamm, Martinsee"]
[Date "2019.11.24"]
[Round "7.21"]
[White "Meyer, Marcel"]
[Black "von Beckh, Frieda"]
[Result "0-1"]
[WhiteElo "1777"]
[BlackElo "1415"]
[PlyCount "88"]
[EventDate "2019.??.??"]
[WhiteTeam "SC Herborn"]
[BlackTeam "SK Bad Homburg"]

1. d4 d5 2. c4 e6 3. Nc3 Nf6 4. cxd5 exd5 5. Bg5 Nbd7 6. e3 Be7 7. Qc2 O-O 8.
Bd3 h6 9. Bh4 c5 10. Nf3 Re8 11. O-O b6 12. Bg3 Bb7 13. Nb5 Nh5 14. Bd6 a6 15.
Bxe7 Rxe7 16. Nd6 Bc6 17. Nxf7 Rxf7 18. Bg6 Rxf3 19. gxf3 Qg5+ 20. Kh1 Rf8 21.
Rg1 Qh4 22. Qe2 Bb5 23. Qd1 Ndf6 24. f4 Bd7 25. Bxh5 Nxh5 26. Qb3 c4 27. Qc2
Bf5 28. Qe2 Qh3 29. f3 Re8 30. Qf2 Bd3 31. Rae1 b5 32. Qg2 Qxg2+ 33. Kxg2 a5
34. Kf2 b4 35. Rc1 Nxf4 36. exf4 Re2+ 37. Kg3 Rxb2 38. Rg2 c3 39. a3 c2 40.
axb4 axb4 41. Rd2 Bf5 42. Re2 b3 43. Ra1 Rb1 44. Re1 b2 0-1

[Event "Sparkassen-Open B"]
[Site "Heusenstamm, Martinsee"]
[Date "2019.11.24"]
[Round "7.22"]
[White "Goodwin, David"]
[Black "Draxler, Gottfried"]
[Result "1/2-1/2"]
[WhiteElo "1541"]
[BlackElo "1762"]
[PlyCount "33"]
[EventDate "2019.??.??"]
[WhiteTeam "SV Kelsterbach"]
[BlackTeam "SF Neuberg"]

1. Nf3 Nf6 2. g3 b6 3. Bg2 Bb7 4. d3 d5 5. O-O Nbd7 6. Nbd2 e5 7. c4 c6 8. a3
Be7 9. b4 a6 10. Bb2 Bd6 11. Rc1 O-O 12. Nh4 g6 13. Nb3 Rc8 14. d4 e4 15. c5
Bb8 16. Bh3 Rc7 17. Rc3 1/2-1/2

[Event "Sparkassen-Open B"]
[Site "Heusenstamm, Martinsee"]
[Date "2019.11.24"]
[Round "7.23"]
[White "Berkes, Jörg"]
[Black "Pidgora, Andrejs"]
[Result "1-0"]
[WhiteElo "1754"]
[BlackElo "1546"]
[PlyCount "77"]
[EventDate "2019.??.??"]
[WhiteTeam "SK Langen"]
[BlackTeam "Riga Chess School"]

1. Nf3 Nf6 2. g3 d5 3. Bg2 e6 4. O-O Be7 5. d3 O-O 6. Nbd2 c5 7. e4 dxe4 8.
dxe4 Bd7 9. Qe2 Bc6 10. Ne5 Qc7 11. Nxc6 Nxc6 12. Nb3 Rfd8 13. c3 Rd7 14. Be3
Na5 15. Nxa5 Qxa5 16. g4 Rad8 17. h4 Ne8 18. e5 Qc7 19. f4 h5 20. Be4 Bxh4 21.
g5 Bxg5 22. Qxh5 Bh6 23. Rf2 Qa5 24. Rg2 Kf8 25. Rf1 Qc7 26. Kh1 Re7 27. Rfg1
Red7 28. Bf2 Rd2 29. Bh4 Rxg2 30. Bxg2 Rd2 31. Be4 Rxb2 32. Rd1 Rxa2 33. Bd8
Qc8 34. Qh4 f6 35. exf6 Ra4 36. fxg7+ Bxg7 37. Qe7+ Kg8 38. Qxe8+ Bf8 39. Qxa4
1-0

[Event "Sparkassen-Open B"]
[Site "Heusenstamm, Martinsee"]
[Date "2019.11.24"]
[Round "7.24"]
[White "Bengsch, Norbert"]
[Black "Richter, Tim"]
[Result "1/2-1/2"]
[WhiteElo "1742"]
[BlackElo "1446"]
[PlyCount "27"]
[EventDate "2019.??.??"]
[WhiteTeam "SG Donautal Tuttlingen"]
[BlackTeam "SF Heidesheim"]

1. d4 Nf6 2. Bf4 d5 3. e3 c5 4. c3 Nc6 5. Nd2 Bf5 6. f3 h6 7. g4 Bh7 8. h4 Nd7
9. Bb5 e6 10. Bg3 g5 11. Ne2 cxd4 12. exd4 a6 13. Bxc6 bxc6 14. Qa4 1/2-1/2

[Event "Sparkassen-Open B"]
[Site "Heusenstamm, Martinsee"]
[Date "2019.11.24"]
[Round "7.25"]
[White "Alt, Johannes"]
[Black "Heller, Holger"]
[Result "1/2-1/2"]
[WhiteElo "1200"]
[BlackElo "1722"]
[PlyCount "99"]
[EventDate "2019.??.??"]
[WhiteTeam "SF Heidesheim"]
[BlackTeam "TuS Dotzheim"]

1. d4 d5 2. c4 e6 3. Bf4 Nf6 4. e3 Bd6 5. Bxd6 Qxd6 6. Nc3 O-O 7. Nf3 Bd7 8. c5
Qe7 9. Bd3 Nc6 10. a3 e5 11. dxe5 Nxe5 12. Nxe5 Qxe5 13. O-O Ng4 14. g3 Nf6 15.
Re1 Rfe8 16. Qd2 Qh5 17. Be2 Bg4 18. Qd1 Bxe2 19. Qxe2 Ng4 20. h4 d4 21. Nd1 g5
22. f3 Nxe3 23. Nxe3 Rxe3 24. g4 Qxh4 25. Qf2 Rae8 26. Qxh4 gxh4 27. Rxe3 Rxe3
28. Rd1 d3 29. Kf2 Re2+ 30. Kg1 d2 31. Kf1 Re1+ 32. Rxe1 dxe1=Q+ 33. Kxe1 Kg7
34. Kf2 Kg6 35. Kg2 Kg5 36. Kh3 f5 37. gxf5 Kxf5 38. Kxh4 Kf4 39. b4 b5 40. Kh5
Kxf3 41. Kh6 Ke4 42. Kxh7 Kd5 43. Kg6 a5 44. bxa5 Kxc5 45. Kf5 Kc6 46. Ke6 Kb7
47. Kd5 Ka6 48. Kc6 Kxa5 49. Kxc7 Ka4 50. Kc6 1/2-1/2

[Event "Sparkassen-Open B"]
[Site "Heusenstamm, Martinsee"]
[Date "2019.11.24"]
[Round "7.26"]
[White "Meng, Yuxuan"]
[Black "Haftmann, Rainer"]
[Result "0-1"]
[WhiteElo "1378"]
[BlackElo "1712"]
[PlyCount "76"]
[EventDate "2019.??.??"]
[WhiteTeam "SV Walldorf"]
[BlackTeam "SG Dietzenbach"]

1. e4 e5 2. Nf3 Nc6 3. Bb5 a6 4. Ba4 Nf6 5. Qe2 b5 6. Bb3 Be7 7. a4 b4 8. O-O
O-O 9. d3 d6 10. Nbd2 Bg4 11. h3 Nd4 12. Qd1 Bxf3 13. Nxf3 Nxb3 14. cxb3 c5 15.
Be3 Nd7 16. Nd2 Bg5 17. Nc4 Bxe3 18. fxe3 Qe7 19. d4 Rad8 20. Qd3 Nf6 21. Na5
Qc7 22. Nc4 cxd4 23. exd4 exd4 24. Qxd4 d5 25. exd5 Rxd5 26. Qf4 Qa7+ 27. Kh1
Rfd8 28. Rae1 h6 29. Qf3 Qc7 30. Rd1 Qc5 31. Rxd5 Qxd5 32. Qxd5 Rxd5 33. Re1
Kf8 34. Kg1 g6 35. Kf2 Nd7 36. Re2 Nc5 37. Re3 Kg7 38. Re5 Nd3+ 0-1

[Event "Sparkassen-Open B"]
[Site "Heusenstamm, Martinsee"]
[Date "2019.11.24"]
[Round "7.27"]
[White "Dinse, Michael"]
[Black "Scheerer, Julian"]
[Result "1/2-1/2"]
[WhiteElo "1709"]
[BlackElo "1483"]
[PlyCount "63"]
[EventDate "2019.??.??"]
[WhiteTeam "SC Turm Reinfeld"]
[BlackTeam "SV Ffm-Griesheim"]

1. d4 d5 2. Nf3 Nf6 3. c4 e6 4. Bg5 Be7 5. e3 h6 6. Bh4 O-O 7. Be2 Ne4 8. Bxe7
Qxe7 9. O-O dxc4 10. Bxc4 c5 11. Bd3 Nf6 12. Nbd2 cxd4 13. Nxd4 Rd8 14. Qe2 Qd6
15. Ne4 Nxe4 16. Bxe4 f5 17. Bf3 e5 18. Nb5 Qb6 19. e4 Bd7 20. Nc3 f4 21. Nd5
Qd6 22. Rfd1 Nc6 23. Nxf4 Nd4 24. Qc4+ Kh8 25. Nd5 Nxf3+ 26. gxf3 Bh3 27. Ne3
Qg6+ 28. Kh1 Qf6 29. Qe2 Rf8 30. Re1 Qxf3+ 31. Qxf3 Rxf3 32. Kg1 1/2-1/2